|
|
|
|
| LEADER |
00000nam0a2200000 4500 |
| 001 |
306767 |
| 005 |
20231102001927.0 |
| 020 |
|
|
|a RU
|b 83-56083
|
| 035 |
|
|
|a (RuTPU)RU\TPU\book\332044
|
| 090 |
|
|
|a 306767
|
| 100 |
|
|
|a 20151010d1983 m y0rusy5003 ca
|
| 101 |
0 |
|
|a ger
|
| 102 |
|
|
|a RU
|
| 105 |
|
|
|a y j 000zy
|
| 200 |
1 |
|
|a Трудности немецкой грамматики в упражнениях
|f И. Д. Молчанова
|
| 210 |
|
|
|a Москва
|c Высшая школа
|d 1983
|
| 215 |
|
|
|a 168 с.
|
| 327 |
0 |
|
|a Обл.: нем.
|
| 606 |
1 |
|
|a Немецкий язык
|x Для вузов
|x Пособия по грамматике
|2 stltpush
|3 (RuTPU)RU\TPU\subj\45396
|9 64638
|
| 610 |
1 |
|
|a грамматика
|
| 610 |
1 |
|
|a упражнения
|
| 610 |
1 |
|
|a грамматические категории
|
| 610 |
1 |
|
|a грамматические ошибки
|
| 610 |
1 |
|
|a грамматические трудности
|
| 610 |
1 |
|
|a грамматические упражнения
|
| 686 |
|
|
|a Ш143.24-923.2
|2 rubbk
|
| 700 |
|
1 |
|a Молчанова
|b И. Д.
|g Ирина Дмитриевна
|4 070
|
| 801 |
|
0 |
|a RU
|b RuMRKP
|c 19950704
|g psbo
|
| 801 |
|
1 |
|a RU
|b 63413507
|c 20151010
|
| 801 |
|
2 |
|a RU
|b 63413507
|c 20180703
|g RCR
|
| 942 |
|
|
|c BK
|